000 00757cam a2200277 4500
008 090401t1997 xxu||||| |||| 00| 0 eng d
020 _a086342192X
035 _a(Sirsi) u81262
041 _aeng
050 _a711.52
100 _aThomas, Michael J.
245 _aConservation of the urban : isues and politics.
260 _aOxford
_bOxford Brookes University
_c1997
300 _aiii,57p. ; 30cm.
350 _a5
490 _aWorking Paper
_v168
490 _aBrookes Papers in Historic Conservation
_v1
650 _aCONSERVATION
650 _aHISTORIC BUILDINGS
650 _aURBAN AREAS
650 _aURBAN CONSERVATION
690 _aCONSERVATION
710 _aOxford Brookes University
_9281
942 _n0
948 _c06/10/1997
999 _c96688
_d96688